00626nam a2200193Ia 450000500170000000800410001701600140005802000150007204000170008705000170010408200120012124500890013326000810022230000190030356300100032265000220033265000490035470000290040320260414140103.0210303s9999 xx 000 0 und d 2reto2022b a9781675241 aNLNbEnglish aPL8824b.I96 a896.333 0aIWE ise amuse lori ijinle ede ati litireso Yoruba iwe keta /cOwolabi Olu ...[et al] aIbadan (Jericho Road P.M.B 5164) :bEvans Brother's Nigeria Publishersc2005 a55p. b; 25cm. a(pbk) aYoruba literature aYoruba languagevExaminations, questions etc aOlu, Owolabi ...[et al.]